Paris - les arrondissements - Statistiques

Statistiques générales
  • Ce quiz a été pris 174 fois
  • Le résultat moyen est 36 sur 77
Statistiques - réponses
Recherche Réponse % Correct
Un des troisarrondissements les plus peuplés 18 | 15 | 20
97%
Un des trois arrondissements les moins peuplés 1 | 2 | 4
96%
Un des trois plus grands arrondissementsen surface 16 | 15 | 13
96%
Un des trois plus petits arrondissements en surface 2 | 3 | 1
96%
Un des trois arrondissements disposant du moins d'équipements culturels (selon ses habitants) 18 | 20 | 14
92%
Un des trois arrondissements disposant du plus d'équipements culturels (selon ses habitants) 19 | 12 | 13
92%
Un des trois arrondissements disposant du plus de commerces (selon ses habitants) 15 | 12 | 13
90%
Un des trois arrondissements disposant d'un très mauvais réseau de transports en commun (selon ses habitants) 18 | 14 | 19
88%
Un des trois arrondissements les moins sûrs (selon ses habitants) 18 | 19 | 14
88%
Un des trois arrondissements les plus sûrs (selon ses habitants) 15 | 12 | 20
87%
Un des trois arrondissements disposant du moins de commerces (selon ses habitants) 18 | 19 | 20
87%
Un des trois arrondissements disposant d'un très bon réseau de transports en commun (selon ses habitants) 12 | 15 | 13
86%
Un des trois arrondissements à l'environnement le plus désagréable (selon ses habitants) 18 | 14 | 20
85%
Un des trois arrondissements à l'environnement le plus agréable (selon ses habitants) 12 | 15 | 19
84%
Un arrondissement contigu du 3e arrondissement 10 | 11 | 4 | 2 | 1
51%
Un arrondissement contigu du 13e arrondissement 14 | 5 | 12
51%
Un arrondissement contigu du 6e arrondissement 1 | 4 | 5 | 14 | 15 | 7
51%
Un arrondissement contigu du 16e arrondissement 15 | 7 | 8 | 17
51%
Un arrondissement contigu du 7e arrondissement 1 | 6 | 15 | 7 | 8
51%
Un arrondissement contigu du 15e arrondissement 16 | 7 | 6 | 14
51%
Un arrondissement contigu du 17e arrondissement 16 | 8 | 18 | 9
51%
Un arrondissement contigu du 8e arrondissement 17 | 18 | 9 | 1 | 7 | 16
51%
Un arrondissement contigu du 18e arrondissement 17 | 8 | 9 | 10 | 19
51%
Un arrondissement contigu du 19e arrondissement 18 | 10 | 11 | 20
51%
Un arrondissement contigu du 1er arrondissement 2 | 8 | 4 | 3
51%
Un arrondissement contigu du 4e arrondissement 3 | 11 | 12 | 5 | 1 | 6
51%
Un arrondissement contigu du 11e arrondissement 3 | 4 | 10 | 19 | 20 | 12
51%
Un arrondissement contigu du 12e arrondissement 4 | 11 | 20 | 13 | 5
51%
Un arrondissement contigu du 5e arrondissement 4 | 12 | 13 | 14 | 6 | 1
51%
Un arrondissement contigu du 14e arrondissement 6 | 5 | 13 | 15
51%
Un arrondissement contigu du 9e arrondissement 8 | 17 | 18 | 10 | 2 | 1
51%
Un arrondissement contigu du 2e arrondissement 9 | 10 | 3 | 1
51%
Un arrondissement contigu du 10e arrondissement 9 | 18 | 19 | 20 | 11 | 2 | 3
51%
Un arrondissement contigu du 20e arrondissement 19 | 10 | 11 | 12
49%
Une des portes du 16e arrondissement Point-du-Jour | Saint-Cloud | Molitor | Boulogne | Hippodrome | Auteuil | Passy | La Muette | Dauphine | Seine | Bagatelle | Madrid | Saint-James | Neuilly | Sablons | Maillot
47%
Une des portes du 12e arrondissement Vincennes | Jaune | Bel-Air | Saint-Mandé | Montempoivre | Dorée | Reuilly | Charenton | Bercy
47%
Une des portes du 14e arrondissement Arcueil | Orléans | Montrouge | Châtillon | Didot | Vanves
46%
Une des portes du 13e arrondissement Gare | Vitry | Ivry | Choisy | Italie | Peupliers | Gentilly
46%
Une des portes du 20e arrondissement Les Lilas | Ménilmontant | Bagnolet | Montreuil
46%
Une des portes du 18e arrondissement Saint-Ouen | Montmartre | Clignancourt | Poissonniers | La Chapelle
46%
Une des portes du 19e arrondissement Aubervilliers | La Villette | Pantin | Chaumont | Brunet | Pré-Saint-Gervais | Les Lilas
44%
Une des communes annexées au 12e arrondissement (totalement ou non) en 1860 Bercy | Saint-Mandé
44%
Une des portes du 15e arrondissement Brancion | Plaisance | Plaine | Versailles | Issy | Sèvres | Bas-Meudon
43%
Une des communes annexées au 19e arrondissement (totalement ou non) en 1860 Belleville | La Villette | Aubervilliers | Pantin | Le Pré-Saint-Gervais
42%
Une des communes annexées au 16e arrondissement (totalement ou non) en 1860 Auteuil | Passy
41%
Une des communes annexées au 18e arrondissement (totalement ou non) en 1860 La Chapelle | Montmartre | Saint-Ouen
40%
Une des portes du 17e arrondissement Ternes | Villiers | Champerret | Courcelles | Asnières | Clichy | Pouchet
39%
Une des communes annexées au 20e arrondissement (totalement ou non) en 1860 Belleville | Charonne | Bagnolet
37%
Un des quartiers du 20e arrondissement Belleville | Saint-Fargeau | Père-Lachaise | Charonne
37%
Une des communes annexées au 15e arrondissement (totalement ou non) en 1860 Grenelle | Vaugirard | Issy
37%
Une des communes annexées au 14e arrondissement (totalement ou non) en 1860 Montrouge | Vanves
37%
Une des communes annexées au 13e arrondissement (totalement ou non) en 1860 Gentilly | Ivry
35%
Une des communes annexées au 17e arrondissement (totalement ou non) en 1860 Batignolles-Monceau | Clichy | Neuilly-sur-Seine
33%
Un des quartiers du 16e arrondissement Auteuil | Muette | Porte-Dauphine | Chaillot
31%
Un des quartiers du 17e arrondissement Ternes | Plaine-de-Monceaux | Batignolles | Epinettes
29%
Un des quartiers du 18e arrondissement Grandes-Carrières | Clignancourt | Goutte-d'Or | Chapelle
28%
Un des quartiers du 12e arrondissement Bel-Air | Picpus | Bercy | Quinze-Vingts
27%
Un des quartiers du 15e arrondissement Saint-Lambert | Necker | Grenelle | Javel
27%
Un des quartiers du 8e arrondissement Champs-Elysées | Faubourg-du-Roule | Madeleine | Europe
26%
Une des communes ayant perdu du territoire au profit de Paris en 1930 Levallois-Perret | Clichy | Saint-Ouen | Saint-Denis | Aubervilliers | Pantin | Le Pré-Saint-Gervais | Les Lilas | Bagnolet | Montreuil
25%
Un des quartiers du 14e arrondissement Montparnasse | Parc-de-Montsouris | Petit-Montrouge | Plaisance
25%
Un des quartiers du 7e arrondissement Saint-Thomas-d'Aquin | Invalides | Ecole militaire | Gros-Caillou
25%
Une des communes ayant perdu du territoire au profit de Paris en 1925 Boulogne-Billancourt | Issy | Malakoff | Vanves | Montrouge | Gentilly
24%
Une des communes ayant perdu du territoire au profit de Paris en 1929 Ivry | Neuilly-sur-Seine | Le Kremlin-Bicêtre | Charenton-le-Pont | Saint-Mandé | Vincennes | Fontenay-sous-Bois | Nogent-sur-Marne | Joinville-le-Pont | Saint-Maurice
24%
Un des quartiers du 1er arrondissement Saint-Germain-l'Auxerrois | Halles | Palais-Royal | Place-Vendôme
24%
Un des quartiers du 6e arrondissement Monnaie | Odéon | Notre-Dame-des-Champs | Saint-Germain-des-Prés
22%
Un des quartiers du 13e arrondissement Salpêtrière | Gare | Maison-Blanche | Croulebarde
22%
Un des quartiers du 5e arrondissement Saint-Victor | Jardin-des-Plantes | Val-de-Grâce | Sorbonne
21%
Un des quartiers du 19e arrondissement Villette | Pont-de-Flandre | Amérique | Combat
21%
Un des quartiers du 3e arrondissement Arts-et-Métiers | Enfants-Rouges | Archives | Sainte-Avoye
19%
Un des quartiers du 4e arrondissement Saint-Méri | Saint-Gervais | Arsenal | Notre-Dame
19%
Un des quartiers du 11e arrondissement Folie-Méricourt | Saint-Ambroise | Roquette | Sainte-Martguerite
19%
Une ancienne porte de Paris située rive droite Arsenal | Saint-Antoine | Temple | Saint-Martin | Saint-Denis | Montmartre | Richelieu | Saint-Honoré | Neuve
17%
Un des quartiers du 9e arrondissement Saint-Georges | Chaussée-d'Antin | Faubourg-Montmartre | Rochechouart
17%
Un des quartiers du 2e arrondissement Gaillon | Vivienne | Mail | Bonne-Nouvelle
16%
Un des quartiers du 10e arrondissement Saint-Vincent-de-Paul | Porte-Saint-Denis | Porte-Saint-Martin | Hôpital-Saint-Louis
15%
Une ancienne porte de Paris située rive gauche Nesles | Buci | Saint-Germain | Enfer | Saint-Jacques | Saint-Marceau | Saint-Victor | Tournelle
11%
Aucun quiz correspondant
Distribution des résultats
% des personnes avec chaque résultat
Percentile par nombre de réponses
Votre historique - résultats
Vous n’avez pas pris ce quiz